|
|
|
|
| LEADER |
00739ntm a2200181 i 4500 |
| 001 |
misc46906 |
| 005 |
20200520151515.0 |
| 008 |
200520s1909 hu o 0|| hun d |
| 040 |
|
|
|a SZTE Miscellanea Repozitórium
|b hun
|
| 041 |
|
|
|a hun
|
| 245 |
0 |
0 |
|a Esztergom vármegye törvényhatósági bizottságának felirata a magyar királyi belügyminiszterhez a cigánykérdés tárgyában
|h [elektronikus dokumentum]
|
| 260 |
|
|
|c 1909-03-09
|
| 300 |
|
|
|a 4
|
| 561 |
|
|
|a Herrmann Antal hagyaték
|
| 695 |
|
|
|a cigánykérdés, kóbor cigányok, cigányok letelepítése, törvényjavaslat
|
| 700 |
0 |
1 |
|a Andrássy Gyula
|
| 700 |
0 |
1 |
|a Reviczky Elemér
|
| 856 |
4 |
0 |
|u http://misc.bibl.u-szeged.hu/46906/1/hermann_antal_ms_1934_004_egyeb_144.pdf
|z Dokumentum-elérés
|